Normal view
MARC view
- حق المؤلف -- قوانين وأنظمة
Entry Topical Term
001 - CONTROL NUMBER
- control field: 46755
003 - CONTROL NUMBER IDENTIFIER
- control field: JO-AjAnu
005 - DATE AND TIME OF LATEST TRANSACTION
- control field: 20230606081726.0
008 - FIXED-LENGTH DATA ELEMENTS
- fixed length control field: 230606|| aca||aabn | a|a d
040 ## - CATALOGING SOURCE
- Original cataloging agency: JO-AjAnu
- Transcribing agency: JO-AjAnu
150 ## - HEADING--TOPICAL TERM
- Topical term or geographic name entry element: حق المؤلف -- قوانين وأنظمة
670 ## - SOURCE DATA FOUND
- Source citation: Work cat.: (JO-AjAnu)23931: إعداد رامي سمير كمال الصويص؛ إشراف محمد يوسف الزعبي, author 46754, تنازع القوانين في مجال حق المؤلف " دراسة مقارنة "